000 00566nam a2200205Ia 4500
005 20250507130232.0
008 008 250505s9999 xx 000 0 eng d
037 _aSeries Article
040 _aEASL
_beng
_cEASL
041 _aeng
_2eng
084 _qEASL
100 _aLi Lianjiang
_9669001
245 0 _aPetitioning Beijing:the high tide of 2003-2006
260 _aUK
_bUK Cambridge Univesity Press UK
_c2012
300 _a313-334
650 _aChina
700 _aLiu Mingxing & Other
_9669002
942 _cSRA
999 _c1318479
_d1318479